| 000 | 01212nam a2200205Ia 4500 | ||
|---|---|---|---|
| 003 | Ost | ||
| 005 | 20260507075653.0 | ||
| 008 | 260507s9999||||xx |||||||||||||| ||und|| | ||
| 040 | _cfsecg | ||
| 041 | _aara | ||
| 082 | _a658.8 | ||
| 100 |
_aادريس، ثابت عبد الرحمن _eمؤلف |
||
| 245 | 0 |
_aالتسويق المعاصر / _c ثابت عبد الرحمن ادريس |
|
| 260 |
_aالإسكندرية: _bالدار الجامعية, _c2005 |
||
| 300 |
_a500 صفحة؛ _bإيضاحات ؛ _c24 سم |
||
| 520 | _aالتسويق في ظل عالم متغير- الدور الإستراتيجي للتسويق في المنظمة المعاصرة- تحليل البيئة التسويقية- نظم المعلومات التسويقية وبحوث التسويق- تقسيم السوق الى قطاعات- استراتيجية المنتجات- استراتيجية التسعير- استراتيجية التوزيع- التسويق المباشر- التسويق الإلكتروني- المسؤولية الإجتماعية وأخلاقيات التسويق. | ||
| 653 | _aالتسويق | ||
| 700 |
_aالمرسي، جال الدين محمد _eمؤلف ثانوي |
||
| 942 | _cكتاب | ||
| 999 |
_c45653 _d45653 |
||